00817nam a2200241Ia 450000100060000000300090000600800410001504000130005604000130006904100130008210000220009510000290011724500470014624500380019325000110023126000110024226000150025326000490026830000570031750001450037465000250051965000310054479027IT-RoPAU130308s9999 xx 000 0 und d aIT-RoPAU cIT-RoPAU aITALIANO aBaccin Naida Anna gCodice Aut. SPICS: 27275 aAlcuni aspetti filosofici della copula est bLinguaggi della Comunicazione (I) a1a ed. aPADOVA bGregoriana c1987 [1° Ed.:1987 - Ed.Ling.Originale:1985] a"11 p. (prefazione: no ; testo: 11 [pagine: 83-93])" aInterrogativi del testo Aristotelico per tommaso D'Aquino Rapporto di Causa Effetto Novità e Tradizione dei Modisti Analisi di Duns Scoto aSAGGI DI LINGUISTICA eCodice materia Spics: 3207